000 00438nam a2200181Ia 4500
001 8499
005 20260306160614.0
008 260306t2004||||xx |||||||||||||| ||spa||
041 _aESP
082 _a371.1
_bM81
100 _aMolinar Varela, Miriam del Consuelo
_eAUT
245 0 _aLiderazgo en la labor docente
260 _c2004
300 _a92 páginas :
_c24 cm.
650 _aGEN
654 _aCED
942 _cLIB
_dJUS
_fJUS
_2ddc
_n
999 _c8499
_d8499